[Event "IRL-ch Seniors 65"]
[Site "Dublin"]
[Date "2024.01.07"]
[Round "6"]
[White "O'Connell, Gerard"]
[Black "Hogan, Pat"]
[Result "0-1"]
[WhiteElo "1972"]
[BlackElo "1932"]
[PlyCount "78"]
[EventDate "2024.01.04"]
[EventType "swiss"]
[EventRounds "7"]
[EventCountry "IRL"]
[SourceTitle "CB02_2024"]
[SourceDate "2024.01.10"]
[SourceVersion "1"]
[SourceVersionDate "2024.01.10"]
[SourceQuality "1"]

1. d4 Nf6 2. Nf3 g6 3. g3 Bg7 4. Bg2 0-0 5. 0-0 d6 6. c4 Nbd7 7. Nc3 e5 8. e4 a5 9. Re1 c6 10. d5 Nc5 11. Qc2 cxd5 12. cxd5 Bd7 13. a4 Rc8 14. Qe2 Qe8 15. Nb5 Nfxe4 16. Nd2 Bxb5 17. axb5 Nxd2 18. Bxd2 Nb3 19. Ra3 Nd4 20. Qd3 Nc2 21. Bxa5 Nxe1 22. Bxe1 Rc1 23. Kf1 e4 24. Qe2 f5 25. Rb3 Qc8 26. b6 Rc2 27. Qb5 Qc4+ 28. Qxc4 Rxc4 29. f3 exf3 30. Bxf3 Rc2 31. Bb4 Rd8 32. Ba3 Be5 33. Be2 Kf7 34. Rb5 Bd4 35. Ra5 Bxb6 36. Rb5 Bc5 37. Rxb7+ Kg8 38. b4 Bd4 39. b5 Re8 0-1

[Event "IRL-ch Seniors 65"]
[Site "Dublin"]
[Date "2024.01.07"]
[Round "7"]
[White "O'Connell, Gerard"]
[Black "Morriss, Pete R"]
[Result "1-0"]
[WhiteElo "1972"]
[BlackElo "1966"]
[PlyCount "73"]
[EventDate "2024.01.04"]
[EventType "swiss"]
[EventRounds "7"]
[EventCountry "IRL"]
[SourceTitle "CB02_2024"]
[SourceDate "2024.01.10"]
[SourceVersion "1"]
[SourceVersionDate "2024.01.10"]
[SourceQuality "1"]

1. d4 d5 2. Nf3 e6 3. g3 b5 4. Bg2 Bb7 5. 0-0 Nf6 6. a4 b4 7. Nbd2 c5 8. dxc5 Bxc5 9. Nb3 Be7 10. Bf4 0-0 11. Nbd4 Nc6 12. Nxc6 Bxc6 13. Ne5 Rc8 14. Qd3 a5 15. Rfc1 Qb6 16. Be3 Bc5 17. Bxc5 Qxc5 18. e3 Qb6 19. c4 bxc3 20. Rxc3 Bb7 21. Qb5 Qa7 22. Rac1 g6 23. Rc7 Rb8 24. R1c5 Rfc8 25. Rxb7 Rxb7 26. Rxc8+ Kg7 27. Qc5 Qxc5 28. Rxc5 Rxb2 29. h3 Rb1+ 30. Kh2 Rb2 31. Rxa5 Rxf2 32. Ra7 Ne4 33. Kg1 Rf5 34. Nxf7 Kf6 35. Bxe4 dxe4 36. Nd6 Rd5 37. Rf7+ 1-0

[Event "IRL-ch Seniors 65"]
[Site "Dublin"]
[Date "2024.01.06"]
[Round "4"]
[White "O'Connell, Gerard"]
[Black "Reynolds, Pat"]
[Result "1-0"]
[WhiteElo "1972"]
[BlackElo "1762"]
[PlyCount "79"]
[EventDate "2024.01.04"]
[EventType "swiss"]
[EventRounds "7"]
[EventCountry "IRL"]
[SourceTitle "CB02_2024"]
[SourceDate "2024.01.10"]
[SourceVersion "1"]
[SourceVersionDate "2024.01.10"]
[SourceQuality "1"]

1. d4 Nf6 2. Nf3 e6 3. g3 c5 4. Bg2 cxd4 5. Nxd4 d5 6. 0-0 a6 7. c4 Be7 8. cxd5 exd5 9. Nc3 0-0 10. Qb3 Nc6 11. Be3 Na5 12. Qc2 Nc4 13. Bf4 Be6 14. Rad1 Rc8 15. b3 Na3 16. Qd3 b5 17. Rc1 Qd7 18. Rfd1 Rfd8 19. Be5 a5 20. Ncxb5 Ng4 21. Bc7 Rf8 22. e3 Bb4 23. Bf4 Nf6 24. Nxe6 fxe6 25. Nd4 Rfe8 26. Bh3 h5 27. Qg6 Rxc1 28. Rxc1 Qf7 29. Qxf7+ Kxf7 30. Rc7+ Re7 31. Bxe6+ Kf8 32. Rc1 Rb7 33. Bc8 Ra7 34. Nc6 Ra8 35. Bb7 Re8 36. Nxb4 axb4 37. Bd6+ Kg8 38. Bxb4 Nb5 39. a4 Na7 40. a5 1-0

[Event "IRL-ch 101st"]
[Site "Dublin"]
[Date "2022.07.04"]
[Round "3"]
[White "O'Gorman, Tom"]
[Black "O'Connell, Gerard"]
[Result "1-0"]
[WhiteElo "2401"]
[BlackElo "2052"]
[PlyCount "111"]
[EventDate "2022.07.02"]
[EventType "swiss"]
[EventRounds "9"]
[EventCountry "IRL"]
[SourceTitle "CBM 209 Extra"]
[Source "ChessBase"]
[SourceDate "2022.09.30"]
[SourceVersion "1"]
[SourceVersionDate "2022.09.30"]
[SourceQuality "1"]

1. d4 Nf6 2. Nf3 g6 3. Nbd2 d5 4. b4 Bg7 5. e3 a5 6. b5 c5 7. bxc6 bxc6 8. Ba3 0-0 9. Be2 Na6 10. 0-0 c5 11. c4 Nb4 12. Bb2 cxd4 13. Nxd4 e5 14. Nb5 e4 15. c5 Ba6 16. a4 Nd7 17. Bxg7 Kxg7 18. Nb3 Ne5 19. Qd2 Nec6 20. Rfd1 Kg8 21. Rac1 Rc8 22. Nd6 Bxe2 23. Qxe2 Nd3 24. Nxc8 Nxc1 25. Rxc1 Qxc8 26. Qb5 Qc7 27. Qb6 Rc8 28. h3 Nb4 29. Qxa5 Qxa5 30. Nxa5 Nd3 31. Ra1 Rxc5 32. Nb3 Rc6 33. Nd4 Ra6 34. a5 Kf8 35. Nb5 Nc5 36. Nc7 Ra7 37. a6 Ke7 38. Nxd5+ Kd6 39. Nb4 Nd3 40. Nxd3 exd3 41. Kf1 Kc5 42. Ke1 Kc6 43. Kd2 Kb6 44. Kxd3 Rd7+ 45. Ke2 Ka7 46. Ra2 Rd5 47. e4 Rd4 48. Ke3 Rb4 49. Kf4 f6 50. Ra3 Rb5 51. Ke3 Rg5 52. g3 Rh5 53. h4 Rc5 54. Kd4 Rb5 55. f4 g5 56. hxg5 1-0

[Event "IRL-ch 101st"]
[Site "Dublin"]
[Date "2022.07.03"]
[Round "2"]
[White "O'Connell, Gerard"]
[Black "Ryan, Joseph"]
[Result "1/2-1/2"]
[WhiteElo "2052"]
[BlackElo "2270"]
[PlyCount "88"]
[EventDate "2022.07.02"]
[EventType "swiss"]
[EventRounds "9"]
[EventCountry "IRL"]
[SourceTitle "CBM 209 Extra"]
[Source "ChessBase"]
[SourceDate "2022.09.30"]
[SourceVersion "1"]
[SourceVersionDate "2022.09.30"]
[SourceQuality "1"]

1. d4 Nf6 2. c4 c5 3. d5 b5 4. Nf3 b4 5. Nbd2 g6 6. b3 Bg7 7. Bb2 d6 8. g3 0-0 9. Bg2 a5 10. a4 Ra7 11. 0-0 e6 12. dxe6 Bxe6 13. e4 Bg4 14. Qc2 Nc6 15. h3 Bc8 16. Rad1 Re8 17. Rfe1 Rae7 18. Kh2 Qc7 19. Ba1 Bb7 20. Re2 Nb8 21. Ne1 Nbd7 22. Nd3 Bc6 23. Rde1 Qb7 24. f3 Qc7 25. Nf1 Nh5 26. Bxg7 Nxg7 27. Ne3 Nb6 28. Nf4 Ne6 29. Nxe6 Rxe6 30. h4 h5 31. Bh3 Re5 32. Nd5 Bxd5 33. exd5 Nd7 34. Bxd7 Rxe2+ 35. Rxe2 Qxd7 36. Re4 Qd8 37. Kg2 Rxe4 38. Qxe4 Qf6 39. Qe3 Qb2+ 40. Kf1 Kg7 41. Ke1 Qb1+ 42. Ke2 Qc2+ 43. Ke1 Qb1+ 44. Ke2 Qc2+ 1/2-1/2

[Event "IRL-ch"]
[Site "Dublin"]
[Date "2019.08.06"]
[Round "4"]
[White "Mirza, Diana"]
[Black "O'Connell, Gerard"]
[Result "1/2-1/2"]
[WhiteElo "1973"]
[BlackElo "2106"]
[PlyCount "76"]
[EventDate "2019.08.03"]
[EventType "swiss"]
[EventRounds "9"]
[EventCountry "IRL"]
[SourceTitle "CBM 191 Extra"]
[Source "ChessBase"]
[SourceDate "2019.09.30"]
[SourceVersion "1"]
[SourceVersionDate "2019.09.30"]
[SourceQuality "1"]

1. e4 c5 2. Nf3 d6 3. d4 cxd4 4. Nxd4 Nf6 5. Nc3 g6 6. Be3 Bg7 7. f3 Nc6 8. Qd2 0-0 9. g4 Bd7 10. Be2 Rc8 11. 0-0-0 Ne5 12. h4 Nc4 13. Bxc4 Rxc4 14. h5 Qa5 15. hxg6 fxg6 16. Kb1 Rfc8 17. Nd5 Qxd2 18. Nxf6+ Bxf6 19. Rxd2 b5 20. Nb3 a6 21. Rdh2 Be8 22. c3 h5 23. gxh5 gxh5 24. Rg1+ Kh7 25. Nd2 R4c6 26. Nf1 Bf7 27. Ng3 Rg8 28. Nxh5 Rxg1+ 29. Bxg1 Bxh5 30. Rxh5+ Kg6 31. Rd5 Rc8 32. Bd4 Bxd4 33. Rxd4 Rf8 34. a4 Rxf3 35. axb5 axb5 36. Rb4 Kf6 37. Kc2 Ke5 38. Kd2 Rh3 1/2-1/2

[Event "IRL-ch"]
[Site "Dublin"]
[Date "2019.08.04"]
[Round "2"]
[White "O'Donnell, Conor"]
[Black "O'Connell, Gerard"]
[Result "1-0"]
[WhiteElo "2311"]
[BlackElo "2106"]
[PlyCount "73"]
[EventDate "2019.08.03"]
[EventType "swiss"]
[EventRounds "9"]
[EventCountry "IRL"]
[SourceTitle "CBM 191 Extra"]
[Source "ChessBase"]
[SourceDate "2019.09.30"]
[SourceVersion "1"]
[SourceVersionDate "2019.09.30"]
[SourceQuality "1"]

1. d4 Nf6 2. c4 g6 3. f3 d5 4. cxd5 Nxd5 5. e4 Nb6 6. Nc3 Bg7 7. Be3 Nc6 8. d5 Na5 9. Bd4 e5 10. Bc5 Bf8 11. Bxf8 Kxf8 12. Qd2 Kg7 13. Nd1 Nac4 14. Qc3 Nd6 15. Qxe5+ f6 16. Qd4 Re8 17. Ne3 Bf5 18. 0-0-0 Bxe4 19. fxe4 Rxe4 20. Qd2 Qe7 21. Nc2 Nbc4 22. Bxc4 Nxc4 23. Qc3 Ne3 24. Nxe3 Rxe3 25. Qc2 Rd8 26. Nf3 Re2 27. Qc4 b5 28. Qc3 b4 29. Qc4 Rxg2 30. Rhe1 Qd7 31. Qxb4 Qf5 32. Nd4 Qf4+ 33. Kb1 Kh6 34. Qc3 Rxh2 35. Ne6 Qf5+ 36. Ka1 Rb8 37. Rh1 1-0

[Event "IRL-chT"]
[Site "Dublin"]
[Date "2019.04.06"]
[Round "2.2"]
[White "O'Connell, Gerard"]
[Black "Moran, Stephen"]
[Result "0-1"]
[WhiteElo "2095"]
[BlackElo "2165"]
[PlyCount "170"]
[EventDate "2019.04.05"]
[EventType "team-swiss"]
[EventRounds "5"]
[EventCountry "IRL"]
[SourceTitle "CBM 189 Extra"]
[Source "ChessBase"]
[SourceDate "2019.06.03"]
[SourceVersion "1"]
[SourceVersionDate "2019.06.03"]
[SourceQuality "1"]
[WhiteTeam "Benildus"]
[BlackTeam "Trinity"]
[WhiteTeamCountry "IRL"]
[BlackTeamCountry "IRL"]

1. d4 Nf6 2. c4 c5 3. d5 b5 4. Nf3 Bb7 5. a4 Qa5+ 6. Bd2 b4 7. Qc2 d6 8. e4 Nbd7 9. Be2 g6 10. 0-0 Bg7 11. h3 0-0 12. Bf4 Qc7 13. Nbd2 e5 14. dxe6 fxe6 15. e5 Nxe5 16. Nxe5 dxe5 17. Bh2 Qc6 18. Nf3 Ne4 19. Rad1 Ng5 20. Qb3 Rad8 21. Qe3 Nxf3+ 22. gxf3 e4 23. Qxe4 Qxe4 24. fxe4 Rxd1 25. Bxd1 Bxe4 26. Bd6 Rc8 27. b3 Bd4 28. Re1 Bf5 29. Kg2 Rd8 30. Bc7 Rd7 31. Bb8 Bc3 32. Rf1 a6 33. Bf4 Kf7 34. Be3 Bd4 35. h4 Be4+ 36. Kg3 Be5+ 37. Kh3 Bd4 38. Kg3 Be5+ 39. Kh3 Bf5+ 40. Kg2 Bd4 41. Bh6 e5 42. Re1 Bc3 43. Rf1 Bd2 44. Be3 Bxe3 45. fxe3 Rd2+ 46. Kg3 Ke7 47. h5 Rd3 48. hxg6 hxg6 49. Kf3 Rc3 50. Rf2 Rc1 51. Rd2 g5 52. Rd5 Ke6 53. Be2 g4+ 54. Kg3 Re1 55. Kf2 Rb1 56. Rxc5 Rb2 57. Rc6+ Kd7 58. Rc5 g3+ 59. Kxg3 Rxe2 60. Rxe5 Bc2 61. Kf3 Re1 62. Rd5+ Kc6 63. Rd2 Bxb3 64. Rb2 Bxa4 65. Rxb4 Ra1 66. Rb8 Kc5 67. Ke2 Bc6 68. Kd3 a5 69. Kc3 Rc1+ 70. Kb2 Rxc4 71. Rh8 Re4 72. Rh3 Kb4 73. Rf3 Kc5 74. Rf5+ Bd5 75. Rf8 Rxe3 76. Rc8+ Kb5 77. Rh8 Kb4 78. Rh4+ Bc4 79. Rh1 Rb3+ 80. Ka1 Ra3+ 81. Kb2 Ra2+ 82. Kb1 Rf2 83. Rg1 a4 84. Rh1 Ka3 85. Ka1 Ra2+ 0-1

[Event "IRL-chT"]
[Site "Dublin"]
[Date "2019.04.05"]
[Round "1.2"]
[White "Fox, Anthony"]
[Black "O'Connell, Gerard"]
[Result "1/2-1/2"]
[WhiteElo "2031"]
[BlackElo "2095"]
[PlyCount "110"]
[EventDate "2019.04.05"]
[EventType "team-swiss"]
[EventRounds "5"]
[EventCountry "IRL"]
[SourceTitle "CBM 189 Extra"]
[Source "ChessBase"]
[SourceDate "2019.06.03"]
[SourceVersion "1"]
[SourceVersionDate "2019.06.03"]
[SourceQuality "1"]
[WhiteTeam "Dun Laoghaire"]
[BlackTeam "Benildus"]
[WhiteTeamCountry "IRL"]
[BlackTeamCountry "IRL"]

1. e4 c5 2. Nc3 Nc6 3. g3 g6 4. Bg2 Bg7 5. d3 d6 6. Be3 Rb8 7. Qd2 Nd4 8. Nd1 Nf6 9. h3 e5 10. c3 Nc6 11. Ne2 0-0 12. 0-0 b6 13. Bg5 Qc7 14. f4 Ne8 15. f5 f6 16. Be3 gxf5 17. exf5 Ne7 18. g4 Bb7 19. Ng3 Bxg2 20. Qxg2 Qb7 21. Qd2 Nd5 22. Nh5 Nxe3 23. Qxe3 d5 24. Nf2 d4 25. cxd4 cxd4 26. Qe4 Nd6 27. Qxb7 Rxb7 28. Nxg7 Rxg7 29. Kh2 Rc7 30. Rac1 Rfc8 31. Rxc7 Rxc7 32. Kg3 Rc2 33. Rb1 a5 34. a4 Kf7 35. b4 Rc3 36. bxa5 bxa5 37. Rb6 Ke7 38. Kg2 Ra3 39. Ra6 Rxa4 40. Ra7+ Ke8 41. Ra6 Kd7 42. Ra7+ Kc6 43. Rxh7 Ra2 44. g5 fxg5 45. f6 e4 46. Kf1 e3 47. Ng4 Nf5 48. f7 Ng3+ 49. Kg1 Ne2+ 50. Kf1 Nf4 51. Kg1 Ra1+ 52. Kh2 Ra2+ 53. Kh1 Ra1+ 54. Kh2 Ra2+ 55. Kh1 Ra1+ 1/2-1/2

[Event "IRL-ch"]
[Site "Dublin"]
[Date "2018.08.11"]
[Round "8"]
[White "Melaugh, Gavin"]
[Black "O'Connell, Gerard"]
[Result "0-1"]
[WhiteElo "2029"]
[BlackElo "2148"]
[PlyCount "84"]
[EventDate "2018.08.04"]
[EventType "swiss"]
[EventRounds "9"]
[EventCountry "IRL"]
[SourceTitle "CBM 185 Extra"]
[Source "ChessBase"]
[SourceDate "2018.07.29"]
[SourceVersion "1"]
[SourceVersionDate "2018.07.29"]
[SourceQuality "1"]

1. c4 Nf6 2. Nc3 g6 3. g3 Bg7 4. Bg2 0-0 5. e4 d6 6. d3 Nc6 7. Nge2 e5 8. 0-0 Be6 9. f4 Qd7 10. Nd5 Bg4 11. Be3 Nxd5 12. cxd5 Nd4 13. Bxd4 exd4 14. Rf2 c5 15. dxc6 bxc6 16. Qa4 c5 17. Qc2 Rab8 18. Kh1 Rfc8 19. Ng1 Be6 20. Nf3 c4 21. dxc4 Bxc4 22. Qd2 d3 23. e5 dxe5 24. fxe5 Be6 25. Qd1 Bh6 26. b3 d2 27. Rxd2 Bxd2 28. Qxd2 Qxd2 29. Nxd2 Rc2 30. Ne4 Rbc8 31. h4 Rc1+ 32. Rxc1 Rxc1+ 33. Kh2 Rc2 34. Kg1 Rxa2 35. Nf6+ Kg7 36. Bd5 Bxd5 37. Nxd5 Ra3 38. b4 Rxg3+ 39. Kf2 Rd3 40. Ne3 Rd4 41. h5 Rxb4 42. hxg6 Kxg6 0-1

[Event "IRL-ch"]
[Site "Dublin"]
[Date "2018.08.07"]
[Round "4"]
[White "O'Connell, Gerard"]
[Black "O'Gorman, Tom"]
[Result "0-1"]
[WhiteElo "2148"]
[BlackElo "2258"]
[PlyCount "64"]
[EventDate "2018.08.04"]
[EventType "swiss"]
[EventRounds "9"]
[EventCountry "IRL"]
[SourceTitle "CBM 185 Extra"]
[Source "ChessBase"]
[SourceDate "2018.07.29"]
[SourceVersion "1"]
[SourceVersionDate "2018.07.29"]
[SourceQuality "1"]

1. d4 Nf6 2. c4 c5 3. d5 b5 4. Nf3 e6 5. dxe6 fxe6 6. cxb5 d5 7. e3 Bd6 8. Nc3 Nbd7 9. Be2 0-0 10. 0-0 Bb7 11. a4 Qc7 12. a5 Rae8 13. b6 Qb8 14. bxa7 Qxa7 15. Nb5 Qb8 16. a6 Ba8 17. a7 Qb6 18. Nxd6 Qxd6 19. Ra6 Qc7 20. Ng5 Nb6 21. Qb3 Nfd7 22. Qc2 Nf6 23. b4 Bb7 24. a8Q Nxa8 25. Nxe6 Qe7 26. Ra7 Qxe6 27. Rxb7 c4 28. Qa4 Nb6 29. Qb5 Nc8 30. Qc5 Nd6 31. Rb6 Nfe4 32. Qd4 Nf5 0-1

[Event "IRL-ch"]
[Site "Dublin"]
[Date "2018.08.05"]
[Round "2"]
[White "O'Connell, Gerard"]
[Black "O'Gorman, Alice"]
[Result "1-0"]
[WhiteElo "2148"]
[BlackElo "1896"]
[PlyCount "107"]
[EventDate "2018.08.04"]
[EventType "swiss"]
[EventRounds "9"]
[EventCountry "IRL"]
[SourceTitle "CBM 185 Extra"]
[Source "ChessBase"]
[SourceDate "2018.07.29"]
[SourceVersion "1"]
[SourceVersionDate "2018.07.29"]
[SourceQuality "1"]

1. d4 d5 2. c4 e6 3. Nc3 Nf6 4. Bg5 Be7 5. Nf3 h6 6. Bh4 0-0 7. e3 Nbd7 8. Rc1 a6 9. cxd5 exd5 10. Bd3 c6 11. 0-0 Ne4 12. Bxe4 dxe4 13. Bxe7 Qxe7 14. Nd2 f5 15. f4 exf3 16. Qxf3 Nf6 17. Nc4 Be6 18. Ne5 Rfe8 19. a3 Nd7 20. Ng6 Qf6 21. Qg3 Qg5 22. Rf3 Qxg3 23. Rxg3 Nf8 24. h4 Nxg6 25. Rxg6 Bf7 26. Rg3 Re7 27. Ne2 Rae8 28. Kf2 Bd5 29. Nf4 Rd7 30. Rc5 Rf8 31. Nxd5 cxd5 32. Kf3 Rf6 33. Kf4 Kf7 34. h5 Ke6 35. Rc8 Re7 36. Rg8 Rff7 37. Rg6+ Kd7 38. g3 Kc7 39. Kf3 Kd7 40. a4 Kc7 41. b4 Rd7 42. b5 axb5 43. axb5 b6 44. Rc6+ Kb7 45. Re8 Ka7 46. Ree6 Rc7 47. Kf4 Rxc6 48. Rxc6 Re7 49. Rd6 Re4+ 50. Kf3 Rg4 51. Rg6 Rxg6 52. hxg6 Kb7 53. Kf4 Kc7 54. Ke5 1-0

[Event "IRL-ch"]
[Site "Dublin"]
[Date "2018.08.04"]
[Round "1"]
[White "Carroll, Peter"]
[Black "O'Connell, Gerard"]
[Result "1/2-1/2"]
[WhiteElo "1794"]
[BlackElo "2148"]
[PlyCount "81"]
[EventDate "2018.08.04"]
[EventType "swiss"]
[EventRounds "9"]
[EventCountry "IRL"]
[SourceTitle "CBM 185 Extra"]
[Source "ChessBase"]
[SourceDate "2018.07.29"]
[SourceVersion "1"]
[SourceVersionDate "2018.07.29"]
[SourceQuality "1"]

1. e4 c5 2. Nc3 Nc6 3. f4 g6 4. Nf3 Bg7 5. Bb5 Nd4 6. 0-0 Nxb5 7. Nxb5 a6 8. Nc3 b5 9. d3 Bb7 10. e5 Nh6 11. Ne4 Rc8 12. Qe1 0-0 13. Nh4 Bxe4 14. dxe4 d6 15. exd6 Qxd6 16. c3 f5 17. e5 Qe6 18. Nf3 Nf7 19. Be3 g5 20. fxg5 Nxe5 21. Bf4 Nxf3+ 22. Rxf3 Qe4 23. Qxe4 fxe4 24. Rff1 b4 25. Rac1 bxc3 26. bxc3 c4 27. Bg3 Rfd8 28. Rfe1 Rd3 29. Rxe4 Bxc3 30. Kf1 Bd4 31. Ke2 Rc3 32. Rxc3 Bxc3 33. Be1 Bb2 34. Kd1 e5 35. Kc2 Bd4 36. Bc3 Rd8 37. h4 Kg7 38. h5 Kf7 39. Rg4 Rd6 40. Bb4 Rb6 41. Bc3 1/2-1/2

[Event "EU-Cup 33rd"]
[Site "Antalya"]
[Date "2017.10.10"]
[Round "3.1"]
[White "Sepp, Olav"]
[Black "O'Connell, Gerard"]
[Result "1-0"]
[WhiteElo "2433"]
[BlackElo "2150"]
[PlyCount "116"]
[EventDate "2017.10.08"]
[EventType "team-swiss"]
[EventRounds "7"]
[EventCountry "TUR"]
[SourceTitle "CBM 181"]
[Source "ChessBase"]
[SourceDate "2017.11.10"]
[SourceVersion "1"]
[SourceVersionDate "2017.11.10"]
[SourceQuality "1"]
[WhiteTeam "Etela Vantaan"]
[BlackTeam "Benildus"]
[WhiteTeamCountry "FIN"]
[BlackTeamCountry "IRL"]

1. Nf3 Nf6 2. c4 c5 3. Nc3 Nc6 4. g3 g6 5. Bg2 Bg7 6. 0-0 0-0 7. d4 cxd4 8. Nxd4 Nxd4 9. Qxd4 d6 10. Qd3 a6 11. Bd2 Rb8 12. Rac1 Be6 13. b3 Qd7 14. Bf4 Bh3 15. Bxh3 Qxh3 16. Qf3 Rfc8 17. Bg5 Ng4 18. Qg2 Qxg2+ 19. Kxg2 Nf6 20. Rfd1 Kf8 21. a4 h6 22. Bxf6 Bxf6 23. Nd5 Bg7 24. Nb6 Rc7 25. c5 Re8 26. cxd6 Rxc1 27. Rxc1 exd6 28. e3 Rd8 29. Kf3 d5 30. Rd1 d4 31. e4 f5 32. exf5 gxf5 33. Kf4 Kf7 34. Kxf5 Rd6 35. Nc4 Rf6+ 36. Ke4 Rxf2 37. Rd2 Rf1 38. Ne5+ Ke6 39. Nf3 Rb1 40. Rd3 Rb2 41. Nxd4+ Bxd4 42. Kxd4 b6 43. h3 Rh2 44. g4 Kd6 45. Kc4+ Kc6 46. Rf3 Kc7 47. Kd5 Rd2+ 48. Ke5 Re2+ 49. Kf6 a5 50. Kg6 Re6+ 51. Kh5 Kc6 52. h4 Kc5 53. g5 hxg5 54. hxg5 Re8 55. Rf5+ Kd4 56. g6 Ke4 57. Rb5 Kf4 58. g7 Ke4 1-0

[Event "IRL-ch"]
[Site "Dublin"]
[Date "2016.07.07"]
[Round "6"]
[White "Haque, Mustakim Ul"]
[Black "O'Connell, Gerard"]
[Result "1-0"]
[WhiteElo "1839"]
[BlackElo "2104"]
[PlyCount "111"]
[EventDate "2016.07.02"]
[EventType "swiss"]
[EventRounds "9"]
[EventCountry "IRL"]
[SourceTitle "CBM 173 Extra"]
[Source "ChessBase"]
[SourceDate "2016.08.29"]
[SourceVersion "1"]
[SourceVersionDate "2016.08.29"]
[SourceQuality "1"]

1. d4 Nf6 2. c4 g6 3. Nc3 d5 4. Nf3 Bg7 5. Bg5 Ne4 6. cxd5 Nxg5 7. Nxg5 c6 8. dxc6 Bxd4 9. Qb3 0-0 10. cxb7 Bxb7 11. Qxb7 Bxc3+ 12. bxc3 Qa5 13. Ne4 Na6 14. e3 Nc5 15. Qb5 Qxb5 16. Bxb5 Nxe4 17. Bc6 Nxc3 18. Bxa8 Rxa8 19. 0-0 Rb8 20. g3 Rb2 21. a3 a5 22. Kg2 a4 23. Rac1 Nd5 24. Kf3 Rb3 25. Rfd1 e6 26. Rc4 Rxa3 27. Rdd4 Kg7 28. Rxa4 Rxa4 29. Rxa4 Kf6 30. e4 Ne7 31. Kg4 Nc6 32. f4 Ne7 33. Ra6 Kg7 34. Kh4 Ng8 35. g4 h6 36. g5 hxg5+ 37. fxg5 Ne7 38. Kg4 f5+ 39. Kf4 Kf7 40. exf5 gxf5 41. Ra7 Ke8 42. Ra5 Ng6+ 43. Kg3 e5 44. h4 f4+ 45. Kg4 f3 46. Kxf3 Nxh4+ 47. Ke4 Kf7 48. Kxe5 Ng6+ 49. Kf5 Ne7+ 50. Kg4 Ng6 51. Rf5+ Kg7 52. Kh5 Ne7 53. Rc5 Ng8 54. Rc7+ Kf8 55. Kg6 Ne7+ 56. Rxe7 1-0

[Event "IRL-ch"]
[Site "Dublin"]
[Date "2016.07.04"]
[Round "3"]
[White "O'Connell, Gerard"]
[Black "Scott, Luke"]
[Result "1/2-1/2"]
[WhiteElo "2104"]
[BlackElo "1922"]
[PlyCount "58"]
[EventDate "2016.07.02"]
[EventType "swiss"]
[EventRounds "9"]
[EventCountry "IRL"]
[SourceTitle "CBM 173 Extra"]
[Source "ChessBase"]
[SourceDate "2016.08.29"]
[SourceVersion "1"]
[SourceVersionDate "2016.08.29"]
[SourceQuality "1"]

1. d4 d5 2. c4 c6 3. Nf3 Nf6 4. Nc3 Bf5 5. e3 e6 6. Be2 Bd6 7. 0-0 Nbd7 8. b3 h6 9. a4 a6 10. Ba3 Bxa3 11. Rxa3 Qe7 12. Qc1 0-0 13. Rd1 Rac8 14. Qb2 Rfd8 15. b4 dxc4 16. Bxc4 Nb6 17. Be2 Nfd5 18. Na2 Ra8 19. a5 Nc8 20. Ne5 Nd6 21. Nc3 f6 22. Nf3 Nb5 23. Bxb5 axb5 24. Nxd5 cxd5 25. Rc1 Rdc8 26. Rac3 Rc4 27. Nd2 Rxb4 28. Qa3 Re8 29. Rc7 Qf8 1/2-1/2

[Event "IRL-ch"]
[Site "Dublin"]
[Date "2015.07.07"]
[Round "4"]
[White "O'Donnell, Conor"]
[Black "O'Connell, Gerard"]
[Result "1/2-1/2"]
[WhiteElo "2263"]
[BlackElo "2106"]
[PlyCount "72"]
[EventDate "2015.07.04"]
[EventType "swiss"]
[EventRounds "9"]
[EventCountry "IRL"]
[SourceTitle "CBM 167 Extra"]
[Source "ChessBase"]
[SourceDate "2015.09.14"]
[SourceVersion "1"]
[SourceVersionDate "2015.09.14"]
[SourceQuality "1"]

1. d4 Nf6 2. c4 g6 3. g3 Bg7 4. Bg2 d5 5. cxd5 Nxd5 6. e4 Nb6 7. Ne2 c5 8. d5 0-0 9. 0-0 e6 10. Nec3 exd5 11. exd5 N8d7 12. a4 Nc4 13. Nd2 Nxd2 14. Bxd2 Ne5 15. Ne4 b6 16. Bg5 f6 17. d6 Be6 18. Bf4 Qd7 19. Bxe5 fxe5 20. Ng5 Bc4 21. Bxa8 Rxa8 22. Rc1 Be6 23. Nxe6 Qxe6 24. b4 cxb4 25. d7 Rd8 26. Rc7 b3 27. Re1 b2 28. Qd3 a5 29. f3 Kf7 30. Rd1 Bf8 31. Kg2 Bc5 32. Rc8 Rxc8 33. dxc8Q Qxc8 34. Qb3+ Qe6 35. Qxb2 e4 36. Qe2 e3 1/2-1/2

[Event "IRL-ch"]
[Site "Dublin"]
[Date "2014.07.13"]
[Round "9"]
[White "Cafolla, Peter"]
[Black "O'Connell, Gerard"]
[Result "0-1"]
[WhiteElo "1994"]
[BlackElo "2132"]
[PlyCount "98"]
[EventDate "2014.07.05"]
[EventType "swiss"]
[EventRounds "9"]
[EventCountry "IRL"]
[SourceTitle "CBM 161 Extra"]
[Source "ChessBase"]
[SourceDate "2014.08.29"]
[SourceVersion "1"]
[SourceVersionDate "2014.08.29"]
[SourceQuality "1"]

1. d4 Nf6 2. c4 g6 3. Nc3 d5 4. Bg5 Ne4 5. Bh4 Nxc3 6. bxc3 dxc4 7. e3 Be6 8. Nf3 Nd7 9. Ng5 Bd5 10. e4 h6 11. exd5 hxg5 12. Bxg5 Nb6 13. Bxc4 Nxc4 14. Qa4+ Qd7 15. Qxc4 0-0-0 16. Bf4 Rh5 17. d6 exd6 18. 0-0 Bh6 19. Bg3 f5 20. f4 d5 21. Qb3 Bg7 22. Rab1 b6 23. Rfe1 Bf6 24. a4 Rh7 25. a5 Re7 26. axb6 Rxe1+ 27. Rxe1 cxb6 28. Bf2 Kb8 29. h3 Rc8 30. Re3 Kb7 31. Rg3 Qf7 32. Be3 Bh4 33. Rf3 Be1 34. Bf2 Re8 35. Be3 Qe6 36. Bc1 Qc6 37. Kh2 a5 38. Ba3 Re2 39. Bf8 Ka6 40. Qd1 Qc4 41. Kg1 Bd2 42. Kh2 Kb7 43. Bd6 Be1 44. Kg1 Qa2 45. Kf1 Bh4 46. Be7 Rxe7 47. g3 Qh2 48. Qd3 Qh1+ 49. Kf2 Qe1+ 0-1